Problems in the philosophy of language

Sparad:
Bibliografiska uppgifter
Materialtyp: Bok
Språk:Undetermined
Publicerad: New York, Estados Unidos Holt, Rinehart and Winston 1969
Ämnen:
Taggar: Lägg till en tagg
Inga taggar, Lägg till första taggen!

MARC

LEADER 00000nam a2200000Ia 4500
008 170316s9999 xx 000 0 und d
090 |a 410 P-22p 
245 |a Problems in the philosophy of language 
260 |a New York, Estados Unidos 
260 |b Holt, Rinehart and Winston 
260 |c 1969 
300 |a 774páginas 
650 |a LINGÜÍSTICA 
650 |a EN IDIOMA INGLÉS 
650 |a LENGUAJE - FILOSOFÍA 
999 |c 18666  |d 18666 
040 |a cru BVZT 
942 |c 15 D  |h 410 P-22p  |2 z